000 00751nam a2200265Ia 4500
001 dia_1159
003 CHAP
005 20221011163057.0
008 220117s1976 xx 000 0 und d
010 _a171706
020 _a2-03-020541-9
040 _cCHAP
082 _aC 463
_bP47 1976
100 _aGarcía-Pelayo y Gross, Ramón
_946826
245 1 _aPequeño Larousse Ilustrado /
_cRamón García-Pelayo y Gross
260 _aMéxico :
_bLarousse,
_c1976
300 _a1663 p.
503 _aC/e
650 1 3 _aEnciclopedia
_9150176
_vDiccionarios
650 1 3 _aEspañol
_937725
_vDiccionarios
901 _aC 463 P47 1976
902 _aM
905 _a0000001976 mx A 0000000000SPA00
942 _cLIBRO
_2ddc
999 _c171706
_d171706